Auditoría interna

Bibliographic Details
Main Author: Santillana, Juan Ramón
Format: Section = Libro
Language:Undetermined
Spanish
Published: México Pearson 2013
Edition:3a.ed.
Subjects:
LEADER 00610nam a2200229Ia 4500
008 240829s9999 xx 000 0 und d
020 |a 978-607-32-2046-0 
040 |a BIBLIOTECA-RUPAP 657.45 S235 
041 |a spa 
082 |a 657.45 S235 
100 1 |a Santillana, Juan Ramón 
245 1 0 |a Auditoría interna 
250 |a 3a.ed. 
260 |a México  |b Pearson  |c 2013 
300 |a 243 p. :il. 
650 7 |a AUDITORIA INTERNA 
650 7 |b  AUDITORIA-ORIGEN 
650 7 |c  NORMAS DE AUDITORIA INTERNA 
650 7 |d  ESTRUCTURA Y ADMINISTRACION. I. Tít. 
942 |c BK  |2 ddc 
991 |a TEXTO 
999 |c 9771